[Event "European Senior Team Championship 2021"]
[Site "Don Giovanni hotel, Vinohradska 2733, Prague, Czech Republic"]
[Date "2021.09.05"]
[Round "7"]
[Board "4"]
[White "Postolati, Alexander"]
[Black "Bhend, Edwin"]
[Result "1/2-1/2"]
[WhiteElo "1779"]
[BlackElo "2104"]
[PlyCount "0"]
[EventDate "2021.08.30"]
[EventType "team"]
[EventRounds "9"]
[EventCountry "ECX"]
[WhiteTeam "ISRAEL 2"]
[BlackTeam "SWITZERLAND"]

1. d4 {[%clk 1:27:35]} d5 {[%clk 1:30:51]} 2. Nf3 {[%clk 1:28:01]} Nc6
{[%clk 1:31:07]} 3. Bf4 {[%clk 1:27:39]} Bg4 {[%clk 1:31:30]} 4. e3
{[%clk 1:27:39]} e6 {[%clk 1:31:51]} 5. Be2 {[%clk 1:27:05]} Bd6 {[%clk 1:32:04]}
6. Bg3 {[%clk 1:27:20]} Nf6 {[%clk 1:30:08]} 7. a3 {[%clk 1:27:17]} Ne4
{[%clk 1:29:21]} 8. Nbd2 {[%clk 1:26:46]} Nxg3 {[%clk 1:20:34]} 9. hxg3
{[%clk 1:26:59]} Ne7 {[%clk 1:20:35]} 10. Ng1 {[%clk 1:15:16]} Bf5
{[%clk 1:19:51]} 11. g4 {[%clk 1:15:01]} Bg6 {[%clk 1:20:07]} 12. f4
{[%clk 1:08:59]} f6 {[%clk 1:14:29]} 13. Bd3 {[%clk 0:46:15]} Qd7
{[%clk 1:08:19]} 14. Bxg6+ {[%clk 0:41:21]} Nxg6 {[%clk 1:08:46]} 15. Ne2
{[%clk 0:40:14]} O-O-O {[%clk 1:07:54]} 16. b4 {[%clk 0:36:47]} e5
{[%clk 1:00:57]} 17. f5 {[%clk 0:36:40]} Ne7 {[%clk 1:00:41]} 18. Nb3
{[%clk 0:36:40]} g6 {[%clk 0:59:55]} 19. Nc5 {[%clk 0:35:24]} Bxc5
{[%clk 0:59:49]} 20. bxc5 {[%clk 0:35:44]} gxf5 {[%clk 0:59:54]} 21. Rb1
{[%clk 0:34:53]} fxg4 {[%clk 0:59:40]} 22. Qd3 {[%clk 0:35:08]} c6
{[%clk 0:55:57]} 23. Kd2 {[%clk 0:35:19]} Qc7 {[%clk 0:52:49]} 24. Rb4
{[%clk 0:33:08]} Rd7 {[%clk 0:52:02]} 25. Rhb1 {[%clk 0:32:03]} Qb8
{[%clk 0:52:18]} 26. a4 {[%clk 0:27:38]} h5 {[%clk 0:44:24]} 27. a5 e4 28. Qb3
{[%clk 0:21:07]} a6 {[%clk 0:43:22]} 29. Rb6 {[%clk 0:19:44]} Qa7
{[%clk 0:43:44]} 30. Rf1 {[%clk 0:17:58]} f5 {[%clk 0:42:54]} 31. Nf4
{[%clk 0:17:57]} h4 {[%clk 0:43:02]} 32. Qb1 {[%clk 0:18:14]} h3 {[%clk 0:34:53]}
33. gxh3 {[%clk 0:14:39]} gxh3 {[%clk 0:35:15]} 34. Rh1 {[%clk 0:14:43]} h2
{[%clk 0:35:28]} 35. Qf1 {[%clk 0:15:01]} Kb8 {[%clk 0:29:34]} 36. Qg2
{[%clk 0:14:51]} Ka8 {[%clk 0:29:54]} 37. Rxh2 {[%clk 0:09:41]} Rxh2
{[%clk 0:30:12]} 38. Qxh2 {[%clk 0:09:56]} Qb8 {[%clk 0:30:36]} 39. Qh5
{[%clk 0:09:49]} Qd8 {[%clk 0:28:15]} 40. Kc3 {[%clk 0:08:30]} Ka7
{[%clk 0:22:57]} 41. Kb4 {[%clk 0:06:53]} Qf8 {[%clk 0:08:46]} 42. Ka4
{[%clk 0:07:00]} Ng8 {[%clk 0:08:26]} 43. Rb1 {[%clk 0:02:11]} Nh6
{[%clk 0:08:43]} 44. Ng6 {[%clk 0:27:54]} Qg7 {[%clk 0:39:05]} 45. Rg1
{[%clk 0:24:07]} f4 {[%clk 0:38:34]} 46. Qh2 {[%clk 0:20:06]} fxe3
{[%clk 0:31:07]} 47. Ne5 {[%clk 0:20:17]} Qh8 {[%clk 0:31:19]} 48. Nxd7
{[%clk 0:20:03]} Qxd4+ {[%clk 0:31:44]} 49. Kb3 {[%clk 0:18:36]} Qc4+
{[%clk 0:31:54]} 50. Kb2 {[%clk 0:14:33]} Qb4+ {[%clk 0:31:21]} 51. Kc1
{[%clk 0:14:19]} Qa3+ {[%clk 0:31:46]} 52. Kd1 {[%clk 0:10:41]} e2+
{[%clk 0:28:59]} 53. Kxe2 {[%clk 0:10:06]} Qf3+ {[%clk 0:29:24]} 54. Ke1
{[%clk 0:10:10]} Qe3+ {[%clk 0:29:43]} 55. Kd1 {[%clk 0:10:22]} Qd4+
{[%clk 0:30:04]} 56. Ke2 {[%clk 0:05:11]} Qc4+ {[%clk 0:30:29]} 57. Ke1
{[%clk 0:02:00]} Qb4+ {[%clk 0:24:26]} 58. Ke2 {[%clk 0:01:06]} Qc4+
{[%clk 0:24:45]} 59. Kd1 {[%clk 0:01:28]} Qd4+ {[%clk 0:25:00]}  1/2-1/2

[Event "European Senior Team Championship 2021"]
[Site "Don Giovanni hotel, Vinohradska 2733, Prague, Czech Republic"]
[Date "2021.09.05"]
[Round "7"]
[Board "1"]
[White "Sedlak, Ludek"]
[Black "Renman, Nils-Gustaf"]
[Result "0-1"]
[WhiteElo "1879"]
[BlackElo "2311"]
[PlyCount "0"]
[EventDate "2021.08.30"]
[EventType "team"]
[EventRounds "9"]
[EventCountry "ECX"]
[WhiteTeam "CAISSA ROZTOKY"]
[BlackTeam "SWEDEN 1"]

1. e4 {[%clk 1:30:53]} e6 {[%clk 1:30:52]} 2. d3 {[%clk 1:30:55]} d5
{[%clk 1:31:15]} 3. Nd2 {[%clk 1:31:14]} Nf6 {[%clk 1:31:30]} 4. g3
{[%clk 1:31:10]} Be7 {[%clk 1:31:18]} 5. Ngf3 {[%clk 1:30:32]} b6
{[%clk 1:31:33]} 6. Bg2 {[%clk 1:30:38]} dxe4 {[%clk 1:31:51]} 7. Ng5
{[%clk 1:29:23]} Bb7 {[%clk 1:30:43]} 8. Ngxe4 {[%clk 1:28:37]} Qc8
{[%clk 1:29:06]} 9. O-O {[%clk 1:27:38]} Nbd7 {[%clk 1:29:06]} 10. Qe2
{[%clk 1:24:34]} O-O {[%clk 1:28:59]} 11. a4 {[%clk 1:16:02]} a5 {[%clk 1:28:35]}
12. b3 {[%clk 1:15:39]} Re8 {[%clk 1:23:28]} 13. Bb2 {[%clk 1:14:09]} Nxe4
{[%clk 1:19:59]} 14. Nxe4 {[%clk 1:12:32]} f5 {[%clk 1:14:05]} 15. Nd2
{[%clk 1:11:42]} Bf6 {[%clk 1:14:05]} 16. Bxf6 {[%clk 1:10:58]} gxf6
{[%clk 1:12:46]} 17. f4 {[%clk 1:01:18]} Bxg2 {[%clk 1:09:15]} 18. Qxg2
{[%clk 1:01:33]} Qd8 {[%clk 1:09:18]} 19. Rae1 {[%clk 1:01:24]} Nc5
{[%clk 1:09:11]} 20. Nf3 {[%clk 0:59:12]} Qd5 {[%clk 1:07:25]} 21. Nd2
{[%clk 0:57:51]} Rad8 {[%clk 1:06:23]} 22. Re2 {[%clk 0:55:52]} Na6
{[%clk 1:06:08]} 23. Qxd5 {[%clk 0:55:54]} Rxd5 {[%clk 1:06:29]} 24. Rfe1
{[%clk 0:55:48]} Kf7 {[%clk 1:06:34]} 25. Nc4 {[%clk 0:55:58]} Nb4
{[%clk 1:04:40]} 26. Ne3 {[%clk 0:52:08]} Rdd8 {[%clk 1:04:45]} 27. Nc4
{[%clk 0:51:44]} Nc6 {[%clk 1:01:26]} 28. Rf2 {[%clk 0:49:05]} h5
{[%clk 1:01:26]} 29. Re3 {[%clk 0:46:47]} Nd4 {[%clk 0:55:30]} 30. Re1
{[%clk 0:44:19]} h4 {[%clk 0:50:28]} 31. Kg2 {[%clk 0:42:19]} Rh8
{[%clk 0:48:24]} 32. Rb1 {[%clk 0:41:23]} Nc6 {[%clk 0:46:40]} 33. Rd1
{[%clk 0:40:00]} Nb4 {[%clk 0:39:17]} 34. Re1 {[%clk 0:38:21]} Rh6
{[%clk 0:34:07]} 35. Rfe2 {[%clk 0:37:30]} hxg3 {[%clk 0:33:33]} 36. hxg3
{[%clk 0:36:25]} Rdh8 {[%clk 0:33:54]} 37. Rxe6 {[%clk 0:36:05]} Rh2+
{[%clk 0:30:24]} 38. Kf3 {[%clk 0:32:45]} Nxc2 {[%clk 0:30:16]} 39. Re7+
{[%clk 0:32:46]} Kg6 {[%clk 0:30:38]} 40. Rc1 {[%clk 0:28:21]} Nd4+
{[%clk 0:30:50]} 41. Ke3 {[%clk 0:28:22]} c5 {[%clk 0:28:38]}  0-1

[Event "European Senior Team Championship 2021"]
[Site "Don Giovanni hotel, Vinohradska 2733, Prague, Czech Republic"]
[Date "2021.09.05"]
[Round "7"]
[Board "2"]
[White "Uddenfeldt, Dan"]
[Black "Fiser, Jiri"]
[Result "1-0"]
[WhiteElo "2309"]
[BlackElo "1815"]
[PlyCount "0"]
[EventDate "2021.08.30"]
[EventType "team"]
[EventRounds "9"]
[EventCountry "ECX"]
[WhiteTeam "SWEDEN 1"]
[BlackTeam "CAISSA ROZTOKY"]

1. d4 {[%clk 1:30:47]} f5 {[%clk 1:30:49]} 2. c4 {[%clk 1:30:37]} Nf6
{[%clk 1:31:16]} 3. g3 {[%clk 1:30:32]} e6 {[%clk 1:30:36]} 4. Bg2
{[%clk 1:30:52]} d5 {[%clk 1:30:59]} 5. Nc3 {[%clk 1:30:54]} c6 {[%clk 1:31:27]}
6. Qd3 {[%clk 1:30:38]} Bd6 {[%clk 1:24:13]} 7. Nh3 {[%clk 1:29:17]} O-O
{[%clk 1:24:28]} 8. O-O {[%clk 1:28:15]} Na6 {[%clk 1:13:57]} 9. a3
{[%clk 1:24:46]} Nc7 {[%clk 1:11:06]} 10. Rd1 {[%clk 1:22:54]} b6
{[%clk 1:10:03]} 11. Qc2 {[%clk 1:20:27]} Bb7 {[%clk 1:06:50]} 12. b3
{[%clk 1:19:21]} h6 {[%clk 1:05:12]} 13. Nf4 {[%clk 1:15:14]} g5 {[%clk 1:04:47]}
14. Ng6 {[%clk 1:13:01]} Rf7 {[%clk 1:04:47]} 15. Ne5 {[%clk 1:09:25]} Bxe5
{[%clk 1:04:34]} 16. dxe5 {[%clk 1:09:50]} Nd7 {[%clk 1:04:30]} 17. f4
{[%clk 1:07:49]} g4 {[%clk 1:03:42]} 18. b4 {[%clk 1:06:44]} Nf8 {[%clk 1:01:07]}
19. e4 {[%clk 1:00:02]} d4 {[%clk 0:54:37]} 20. exf5 {[%clk 0:58:46]} exf5
{[%clk 0:53:27]} 21. Ne2 {[%clk 0:58:59]} Nce6 {[%clk 0:53:36]} 22. Bb2
{[%clk 0:59:12]} Qc7 {[%clk 0:43:00]} 23. Nxd4 {[%clk 0:56:08]} Nxd4
{[%clk 0:42:56]} 24. Rxd4 {[%clk 0:55:39]} c5 {[%clk 0:43:13]} 25. Rd6
{[%clk 0:55:34]} Kh7 {[%clk 0:41:58]} 26. Bxb7 {[%clk 0:52:28]} Qxb7
{[%clk 0:42:27]} 27. e6 {[%clk 0:51:59]}  1-0

[Event "European Senior Team Championship 2021"]
[Site "Don Giovanni hotel, Vinohradska 2733, Prague, Czech Republic"]
[Date "2021.09.05"]
[Round "7"]
[Board "3"]
[White "Tejkal, Jiri"]
[Black "Malmdin, Nils-Ake"]
[Result "0-1"]
[WhiteElo "1869"]
[BlackElo "2150"]
[PlyCount "0"]
[EventDate "2021.08.30"]
[EventType "team"]
[EventRounds "9"]
[EventCountry "ECX"]
[WhiteTeam "CAISSA ROZTOKY"]
[BlackTeam "SWEDEN 1"]

1. d4 {[%clk 1:30:51]} Nf6 {[%clk 1:30:16]} 2. c4 {[%clk 1:30:49]} e6
{[%clk 1:30:24]} 3. Nf3 {[%clk 1:31:13]} c5 {[%clk 1:30:08]} 4. d5
{[%clk 1:30:27]} exd5 {[%clk 1:30:25]} 5. cxd5 {[%clk 1:30:50]} d6
{[%clk 1:30:42]} 6. Nc3 {[%clk 1:30:47]} g6 {[%clk 1:31:01]} 7. e4
{[%clk 1:30:22]} Bg7 {[%clk 1:31:21]} 8. Be2 {[%clk 1:30:14]} O-O
{[%clk 1:31:33]} 9. O-O {[%clk 1:30:17]} Re8 {[%clk 1:29:24]} 10. Nd2
{[%clk 1:29:20]} Nbd7 {[%clk 1:26:58]} 11. f4 {[%clk 1:28:03]} a6
{[%clk 1:23:23]} 12. a4 {[%clk 1:27:50]} Rb8 {[%clk 1:20:54]} 13. a5
{[%clk 1:22:31]} b5 {[%clk 1:02:07]} 14. axb6 {[%clk 1:21:42]} Nxb6
{[%clk 1:01:58]} 15. Bf3 {[%clk 1:13:27]} c4 {[%clk 0:50:34]} 16. Kh1
{[%clk 1:10:23]} h5 {[%clk 0:49:22]} 17. Re1 {[%clk 0:57:15]} Nfd7
{[%clk 0:37:12]} 18. e5 {[%clk 0:46:00]} dxe5 {[%clk 0:30:20]} 19. Nde4
{[%clk 0:44:49]} exf4 {[%clk 0:22:43]} 20. Bxf4 {[%clk 0:40:22]} Ne5
{[%clk 0:22:49]} 21. Bg5 {[%clk 0:35:32]} f6 {[%clk 0:22:39]} 22. Bf4
{[%clk 0:31:50]} Bg4 {[%clk 0:17:22]} 23. Bxe5 {[%clk 0:28:08]} Rxe5
{[%clk 0:17:37]} 24. Bxg4 {[%clk 0:27:13]} hxg4 {[%clk 0:17:58]} 25. Rxa6
{[%clk 0:22:51]} f5 {[%clk 0:15:13]} 26. Nc5 {[%clk 0:21:21]} Qd6
{[%clk 0:10:07]} 27. N5a4 {[%clk 0:12:59]} Qd8 {[%clk 0:04:19]} 28. Rxe5
{[%clk 0:10:43]} Bxe5 {[%clk 0:04:48]} 29. Qe2 {[%clk 0:10:49]} Nd7
{[%clk 0:02:49]} 30. Rxg6+ {[%clk 0:10:13]} Kf7 {[%clk 0:03:18]} 31. Re6
{[%clk 0:09:52]} Qh8 {[%clk 0:03:07]} 32. g3 {[%clk 0:08:07]} Qh3
{[%clk 0:01:32]} 33. Kg1 {[%clk 0:07:47]} Bd4+ {[%clk 0:01:42]}  0-1

[Event "European Senior Team Championship 2021"]
[Site "Don Giovanni hotel, Vinohradska 2733, Prague, Czech Republic"]
[Date "2021.09.05"]
[Round "7"]
[Board "4"]
[White "Hammar, Bengt"]
[Black "Halla, Jiri"]
[Result "1-0"]
[WhiteElo "2130"]
[BlackElo "1759"]
[PlyCount "0"]
[EventDate "2021.08.30"]
[EventType "team"]
[EventRounds "9"]
[EventCountry "ECX"]
[WhiteTeam "SWEDEN 1"]
[BlackTeam "CAISSA ROZTOKY"]

1. e4 {[%clk 1:30:32]} e6 {[%clk 1:30:51]} 2. d4 {[%clk 1:30:34]} d5
{[%clk 1:31:14]} 3. Nc3 {[%clk 1:29:39]} Bb4 {[%clk 1:31:35]} 4. e5
{[%clk 1:29:33]} c5 {[%clk 1:31:22]} 5. a3 {[%clk 1:29:33]} Bxc3+
{[%clk 1:31:45]} 6. bxc3 {[%clk 1:29:55]} Qc7 {[%clk 1:31:57]} 7. Nf3
{[%clk 1:29:05]} Bd7 {[%clk 1:27:05]} 8. a4 {[%clk 1:26:25]} Nc6 {[%clk 1:22:29]}
9. Ba3 {[%clk 1:19:43]} c4 {[%clk 1:21:04]} 10. g3 {[%clk 1:18:07]} Nge7
{[%clk 1:18:17]} 11. Qd2 {[%clk 1:14:22]} h6 {[%clk 1:17:19]} 12. Bg2
{[%clk 1:13:50]} O-O-O {[%clk 1:16:32]} 13. O-O {[%clk 1:12:14]} Rdg8
{[%clk 1:08:53]} 14. a5 {[%clk 1:10:52]} g5 {[%clk 0:59:51]} 15. Bd6
{[%clk 1:04:21]} Qd8 {[%clk 0:59:55]} 16. Rfb1 {[%clk 1:03:50]} a6
{[%clk 0:53:28]} 17. Qc1 {[%clk 1:02:37]} Na7 {[%clk 0:49:22]} 18. Qa3
{[%clk 1:00:53]} Nb5 {[%clk 0:34:51]} 19. Rxb5 {[%clk 1:01:00]} axb5
{[%clk 0:35:08]} 20. Bxe7 {[%clk 1:01:22]} Qc7 {[%clk 0:34:09]} 21. Bf6
{[%clk 0:57:38]} Rh7 {[%clk 0:32:19]} 22. h4 {[%clk 0:55:04]} g4 {[%clk 0:31:29]}
23. Nh2 {[%clk 0:54:55]} Bc6 {[%clk 0:31:23]} 24. Nf1 {[%clk 0:54:30]} h5
{[%clk 0:30:50]} 25. Ne3 {[%clk 0:53:02]} Rh6 {[%clk 0:30:29]} 26. Bf1
{[%clk 0:52:32]} Rhg6 {[%clk 0:30:36]} 27. Ng2 {[%clk 0:52:33]} Rxf6
{[%clk 0:29:35]} 28. exf6 {[%clk 0:52:56]} e5 {[%clk 0:27:30]} 29. a6
{[%clk 0:52:19]} bxa6 {[%clk 0:25:04]} 30. Qxa6+ {[%clk 0:52:28]} Kd7
{[%clk 0:22:26]} 31. Qa3 {[%clk 0:51:09]} Ke6 {[%clk 0:19:48]} 32. dxe5
{[%clk 0:50:06]} Kxe5 33. Qc5 {[%clk 0:46:16]} Qd6 {[%clk 0:12:08]} 34. Re1+
{[%clk 0:46:26]}  1-0

[Event "European Senior Team Championship 2021"]
[Site "Don Giovanni hotel, Vinohradska 2733, Prague, Czech Republic"]
[Date "2021.09.05"]
[Round "7"]
[Board "1"]
[White "Mozna, Eva"]
[Black "Pacl, Vaclav"]
[Result "1/2-1/2"]
[WhiteElo "1905"]
[BlackElo "2015"]
[PlyCount "0"]
[EventDate "2021.08.30"]
[EventType "team"]
[EventRounds "9"]
[EventCountry "ECX"]
[WhiteTeam "CZECH REPUBLIC WOMEN"]
[BlackTeam "SK PLZEN"]

1. d4 {[%clk 1:30:58]} d5 {[%clk 1:30:43]} 2. Nf3 {[%clk 1:31:25]} Nf6
{[%clk 1:31:01]} 3. g3 {[%clk 1:31:49]} e6 {[%clk 1:31:21]} 4. Bg2
{[%clk 1:32:15]} b5 {[%clk 1:31:40]} 5. O-O {[%clk 1:32:25]} Bb7 {[%clk 1:32:05]}
6. b3 {[%clk 1:27:57]} Nbd7 {[%clk 1:31:06]} 7. Bb2 {[%clk 1:28:19]} c5
{[%clk 1:28:15]} 8. a4 {[%clk 1:26:43]} b4 {[%clk 1:25:50]} 9. c3
{[%clk 1:22:48]} bxc3 {[%clk 1:22:09]} 10. Nxc3 {[%clk 1:23:06]} Be7
{[%clk 1:21:54]} 11. dxc5 {[%clk 1:18:21]} Bxc5 {[%clk 1:21:32]} 12. Ba3
{[%clk 1:08:55]} Bxa3 {[%clk 1:17:58]} 13. Rxa3 {[%clk 1:09:23]} Qe7
{[%clk 1:18:12]} 14. Ra1 {[%clk 1:05:34]} O-O {[%clk 1:17:53]} 15. Qd2
{[%clk 1:02:48]} Rab8 {[%clk 1:09:51]} 16. Rab1 {[%clk 0:58:20]} Ba6
{[%clk 1:04:24]} 17. Rfc1 {[%clk 0:58:13]} Rfc8  1/2-1/2

[Event "European Senior Team Championship 2021"]
[Site "Don Giovanni hotel, Vinohradska 2733, Prague, Czech Republic"]
[Date "2021.09.05"]
[Round "7"]
[Board "2"]
[White "Bartonicek, Zdenek"]
[Black "Modrova, Hana"]
[Result "1/2-1/2"]
[WhiteElo "1970"]
[BlackElo "1816"]
[PlyCount "0"]
[EventDate "2021.08.30"]
[EventType "team"]
[EventRounds "9"]
[EventCountry "ECX"]
[WhiteTeam "SK PLZEN"]
[BlackTeam "CZECH REPUBLIC WOMEN"]

1. e4 {[%clk 1:30:44]} d6 {[%clk 1:30:15]} 2. d4 {[%clk 1:30:57]} Nf6
{[%clk 1:30:23]} 3. Nc3 {[%clk 1:31:15]} c6 {[%clk 1:30:32]} 4. Nf3
{[%clk 1:31:32]} Bg4 {[%clk 1:30:24]} 5. h3 {[%clk 1:31:35]} Bh5 {[%clk 1:29:45]}
6. Bg5 {[%clk 1:31:38]} Nbd7 {[%clk 1:24:47]} 7. Bd3 {[%clk 1:27:31]} e5
{[%clk 1:21:43]} 8. g4 {[%clk 1:23:20]} Bg6 {[%clk 1:20:34]} 9. Qd2
{[%clk 1:19:40]} Qa5 {[%clk 1:11:16]} 10. a3 {[%clk 1:11:40]} Be7
{[%clk 1:04:04]} 11. Ne2 {[%clk 1:04:47]} Qxd2+ {[%clk 1:04:10]} 12. Nxd2
{[%clk 1:05:08]} h6 {[%clk 0:56:51]} 13. Be3 {[%clk 1:03:49]} d5 {[%clk 0:55:08]}
14. Ng3 {[%clk 1:02:56]} O-O-O {[%clk 0:49:59]} 15. Nf5 {[%clk 1:01:07]} Bxf5
{[%clk 0:49:47]} 16. exf5 {[%clk 0:56:18]} exd4 {[%clk 0:41:29]} 17. Bxd4
{[%clk 0:56:27]} c5 {[%clk 0:41:00]} 18. Be3 {[%clk 0:56:43]} Bd6
{[%clk 0:40:39]} 19. c3 {[%clk 0:53:27]} Rhe8 {[%clk 0:40:40]} 20. O-O-O
{[%clk 0:52:54]} Kb8 {[%clk 0:35:55]} 21. Nf3 {[%clk 0:50:10]} Rc8
{[%clk 0:35:08]} 22. Bb5 {[%clk 0:50:09]} d4 {[%clk 0:32:45]} 23. Bd2
{[%clk 0:49:53]} a6 {[%clk 0:26:56]} 24. Bc4 {[%clk 0:44:31]} Ne4
{[%clk 0:26:31]} 25. Be1 {[%clk 0:44:15]} Bf4+ {[%clk 0:20:55]} 26. Kb1
{[%clk 0:43:11]} Re7 {[%clk 0:11:55]} 27. cxd4 {[%clk 0:42:44]} cxd4
{[%clk 0:08:42]} 28. Rxd4 {[%clk 0:35:29]} b5 {[%clk 0:08:54]} 29. Bb4
{[%clk 0:35:45]} Nxf2 {[%clk 0:01:43]} 30. Rxf4 {[%clk 0:35:38]} Rxc4
{[%clk 0:01:56]} 31. Rxc4 {[%clk 0:35:46]} bxc4 {[%clk 0:01:43]} 32. Bxe7
{[%clk 0:32:32]} Nxh1 {[%clk 0:02:11]} 33. Bh4 {[%clk 0:31:54]} g5
{[%clk 0:02:25]} 34. Be1 {[%clk 0:31:35]} Kc7 {[%clk 0:02:40]} 35. h4
{[%clk 0:30:50]} gxh4 {[%clk 0:03:07]} 36. Bxh4 {[%clk 0:30:34]} Kd6
{[%clk 0:03:24]} 37. Kc2 {[%clk 0:30:36]} Kd5 {[%clk 0:03:21]} 38. Kd2
{[%clk 0:30:57]} Ke4 {[%clk 0:03:24]} 39. Ke2 {[%clk 0:31:19]} Kf4
{[%clk 0:03:20]} 40. g5 {[%clk 0:28:01]} hxg5 {[%clk 0:03:22]} 41. Bxg5+
{[%clk 0:19:38]} Kxf5 {[%clk 0:03:44]} 42. Bh4 {[%clk 0:17:07]} Kg4
{[%clk 0:03:28]} 43. Ke3 {[%clk 0:15:22]} f5 {[%clk 0:03:07]} 44. Ke2
{[%clk 0:12:21]} Ng3+ {[%clk 0:02:44]} 45. Bxg3 {[%clk 0:12:23]} Kxg3
{[%clk 0:03:09]} 46. Nd2 {[%clk 0:12:46]} Ne5 {[%clk 0:03:23]} 47. Ke3
{[%clk 0:12:01]}  1/2-1/2

[Event "European Senior Team Championship 2021"]
[Site "Don Giovanni hotel, Vinohradska 2733, Prague, Czech Republic"]
[Date "2021.09.05"]
[Round "7"]
[Board "1"]
[White "Jeute, Peter"]
[Black "Lomer, Edmund"]
[Result "0-1"]
[WhiteElo "1866"]
[BlackElo "2013"]
[PlyCount "0"]
[EventDate "2021.08.30"]
[EventType "team"]
[EventRounds "9"]
[EventCountry "ECX"]
[WhiteTeam "DRESDENER SPRINGER"]
[BlackTeam "GERMAN NORTH TEAM"]

1. d4 {[%clk 1:30:55]} Nf6 {[%clk 1:30:49]} 2. Nf3 {[%clk 1:31:18]} e6
{[%clk 1:30:51]} 3. e3 {[%clk 1:31:41]} b6 {[%clk 1:31:00]} 4. Bd3
{[%clk 1:31:47]} Bb7 {[%clk 1:31:13]} 5. O-O {[%clk 1:30:52]} Be7
{[%clk 1:30:25]} 6. Nbd2 {[%clk 1:30:49]} O-O {[%clk 1:30:37]} 7. e4
{[%clk 1:29:39]} d6 {[%clk 1:30:48]} 8. b3 {[%clk 1:29:26]} Nbd7 {[%clk 1:30:48]}
9. Bb2 {[%clk 1:29:44]} c5 {[%clk 1:30:24]} 10. c3 {[%clk 1:26:07]} Rc8
{[%clk 1:30:02]} 11. Qe2 {[%clk 1:23:41]} Rc7 {[%clk 1:28:18]} 12. c4
{[%clk 1:20:25]} cxd4 {[%clk 1:27:07]} 13. Nxd4 {[%clk 1:20:23]} a6
{[%clk 1:25:49]} 14. N4f3 {[%clk 1:20:16]} Qa8 {[%clk 1:25:18]} 15. Rfe1
{[%clk 1:16:30]} Rd8 {[%clk 1:24:16]} 16. Rad1 {[%clk 1:14:28]} Nf8
{[%clk 1:23:52]} 17. Qe3 {[%clk 1:10:35]} N6d7 {[%clk 1:22:17]} 18. Bd4
{[%clk 1:06:45]} Nc5 {[%clk 1:17:43]} 19. Bb1 {[%clk 1:06:23]} a5
{[%clk 1:16:52]} 20. a3 {[%clk 0:59:42]} e5 {[%clk 1:13:25]} 21. Bb2
{[%clk 0:58:37]} Ng6 {[%clk 1:12:41]} 22. Nf1 {[%clk 0:55:05]} Qc8
{[%clk 1:12:13]} 23. Ng3 {[%clk 0:54:54]} Nf4 {[%clk 1:11:33]} 24. Nf5
{[%clk 0:54:02]} Qe6 {[%clk 1:10:47]} 25. Nxe7+ {[%clk 0:53:05]} Qxe7
{[%clk 1:10:42]} 26. Rd2 {[%clk 0:52:35]} Rcd7 {[%clk 1:08:09]} 27. Red1
{[%clk 0:49:18]} Bc6 {[%clk 1:08:00]} 28. b4 {[%clk 0:47:23]} axb4
{[%clk 1:07:47]} 29. axb4 {[%clk 0:47:18]} Na4 {[%clk 1:07:05]} 30. b5
{[%clk 0:42:08]} Nxb2 {[%clk 1:07:17]} 31. Rxb2 {[%clk 0:42:33]} Bb7
{[%clk 1:07:15]} 32. g3 {[%clk 0:32:06]} Ne6 {[%clk 1:06:42]} 33. Qxb6
{[%clk 0:26:26]} Nc5 {[%clk 1:06:42]} 34. Re2 {[%clk 0:26:41]} Na4
{[%clk 1:06:08]} 35. Qe3 {[%clk 0:24:15]} Rc7 {[%clk 1:04:48]} 36. Qb3
{[%clk 0:21:37]} Nc5 {[%clk 1:04:29]} 37. Qc3 {[%clk 0:20:29]} h6
{[%clk 1:03:51]} 38. Nd2 {[%clk 0:18:36]} Ne6 {[%clk 1:03:11]} 39. Nb3
{[%clk 0:18:32]} Rdc8 {[%clk 1:02:57]} 40. Bd3 {[%clk 0:18:23]} Ng5
{[%clk 1:02:33]} 41. Re3 {[%clk 0:15:50]} Qf6 42. h4 Nh3+  0-1

[Event "European Senior Team Championship 2021"]
[Site "Don Giovanni hotel, Vinohradska 2733, Prague, Czech Republic"]
[Date "2021.09.05"]
[Round "7"]
[Board "2"]
[White "Van Bentum, Horst"]
[Black "Mueckan, Friedbert"]
[Result "1/2-1/2"]
[WhiteElo "1989"]
[BlackElo "1883"]
[PlyCount "0"]
[EventDate "2021.08.30"]
[EventType "team"]
[EventRounds "9"]
[EventCountry "ECX"]
[WhiteTeam "GERMAN NORTH TEAM"]
[BlackTeam "DRESDENER SPRINGER"]

1. Nf3 {[%clk 1:30:55]} Nf6 {[%clk 1:30:51]} 2. b3 {[%clk 1:30:58]} e6
{[%clk 1:28:04]} 3. e3 {[%clk 1:31:04]} d5 {[%clk 1:28:33]} 4. Bb2
{[%clk 1:31:09]} Be7 {[%clk 1:28:40]} 5. Be2 {[%clk 1:31:00]} O-O
{[%clk 1:28:48]} 6. O-O {[%clk 1:30:54]} Nbd7 {[%clk 1:28:59]} 7. d3
{[%clk 1:24:06]} b6 {[%clk 1:28:45]} 8. Nbd2 {[%clk 1:17:36]} Bb7
{[%clk 1:28:57]} 9. c4 {[%clk 1:15:58]} c5 {[%clk 1:27:20]} 10. cxd5
{[%clk 1:05:13]} exd5 {[%clk 1:27:15]} 11. Ne5 {[%clk 1:01:10]} Nxe5
{[%clk 1:21:03]} 12. Bxe5 {[%clk 1:01:25]} Nd7 {[%clk 1:21:25]} 13. Bb2
{[%clk 1:00:55]} Bf6 {[%clk 1:21:22]} 14. Qc2 {[%clk 0:59:45]} Bxb2
{[%clk 1:19:27]} 15. Qxb2 {[%clk 1:00:02]} Qf6  1/2-1/2